000 00329nam a2200133Ia 4500
008 190723s9999 xx 000 0 und d
020 _a978-93-80358-96-3
100 _aN.D Bhatt
245 0 _aEngineering Drawing plane and Solid Geometry
250 _a53th
260 _aIndia
_bCharatar
_c2016
300 _a719.:p
942 _cBK
999 _c1877
_d1877